|
|
|
|
| LEADER |
00000nab a2200000 a 4500 |
| 001 |
vtls000260292 |
| 003 |
SK-MaSNL |
| 005 |
20260302221615.0 |
| 008 |
111130c1986 xo 0 slo |
| 015 |
|
|
|a SNBRB19rr/mm-uuuuu
|
| 035 |
|
|
|a CL0270406
|
| 040 |
|
|
|a SNKBUCL
|b slo
|c SNKBUCL
|e AACR2
|
| 041 |
0 |
|
|a slo
|
| 044 |
|
|
|a xo
|c SK
|
| 080 |
|
|
|a 82:929:882
|2 1981
|
| 080 |
|
|
|a 929
|2 1981
|
| 080 |
|
|
|a 882
|2 1981
|
| 100 |
1 |
|
|a Nociar, Alojz,
|d 1948-
|4 aut
|9 189001
|
| 245 |
1 |
0 |
|a Blokova poézia a súčasnosť
|c Alojz Nociar
|
| 600 |
1 |
7 |
|a Blok, Aleksandr Aleksandrovič,
|d 1880-1921
|2 snkbucl
|9 123171
|
| 655 |
|
7 |
|a články z novín a časopisov
|2 snkbucl
|9 267496
|
| 655 |
|
7 |
|a články z odboru literárna veda a krásna literatúra
|2 snkbucl
|9 770045
|
| 773 |
0 |
|
|t Smena
|g Roč. 39, č. 228 (27. 9. 1986)
|
| 850 |
|
|
|a Slovenská národná knižnica v Martine
|a MTA001
|
| 852 |
|
|
|a SNK
|b KIS3GCP
|
| 958 |
|
|
|a RK
|
| 958 |
|
|
|a LX
|
| 958 |
|
|
|a SU
|
| 992 |
|
|
|a RBX
|
| 999 |
|
|
|c 1512607
|d 1514537
|